[Event "España ch sub-14 2012"]
[Site "Salobreña ESP"]
[Date "2012.07.09"]
[Round "2.23"]
[White "Alonso Gonzalez, Miguel"]
[Black "Aliane Diez, Aaron"]
[Result "1/2-1/2"]
[WhiteElo "1813"]
[BlackElo "1611"]
[PlyCount "73"]
[EventDate "2012.07.09"]
[EventType "swiss"]
[EventRounds "9"]
[EventCountry "ESP"]
[Source "lmi"]
[SourceDate "2012.07.09"]

1. b3 e5 2. Bb2 Nc6 3. e3 d6 4. Bb5 Bd7 5. d4 Nf6 6. Ne2 exd4 7. Nxd4 Nxd4 8.
Bxd7+ Qxd7 9. Bxd4 Be7 10. Qf3 c6 11. Nd2 O-O 12. O-O Rfe8 13. Rad1 d5 14. e4
Nxe4 15. Nxe4 dxe4 16. Qg3 g6 17. Qe5 f6 18. Qxe4 Rad8 19. Qf3 Qd5 20. Qxd5+
Rxd5 21. Rfe1 Kf8 22. c4 Rdd8 23. Bxa7 Rxd1 24. Rxd1 Ra8 25. Bd4 Rxa2 26. g3
Kf7 27. Rd3 Rc2 28. Be3 Ke8 29. Bd4 Kf7 30. Be3 Ke8 31. Bd4 Kf7 32. Kg2 Ke8 33.
Kf3 h5 34. Re3 Kf7 35. Rd3 Ke8 36. Re3 Kf7 37. Ke4 1/2-1/2

[Event "España ch sub-14 2012"]
[Site "Salobreña ESP"]
[Date "2012.07.09"]
[Round "2.24"]
[White "Asensio Ramos, Diego"]
[Black "Ruperez Benito, Antonio"]
[Result "0-1"]
[WhiteElo "1613"]
[BlackElo "1812"]
[PlyCount "58"]
[EventDate "2012.07.09"]
[EventType "swiss"]
[EventRounds "9"]
[EventCountry "ESP"]
[Source "lmi"]
[SourceDate "2012.07.09"]

1. d4 d5 2. Bf4 Nf6 3. Nf3 c6 4. Nbd2 Bf5 5. e3 e6 6. Ne5 Nbd7 7. h4 h5 8. Ndf3
Nxe5 9. Nxe5 Nd7 10. Be2 Nxe5 11. Bxe5 Bg6 12. Bd3 Bxd3 13. Qxd3 Qd7 14. O-O-O
O-O-O 15. Qb3 f6 16. Bg3 Bd6 17. Bxd6 Qxd6 18. Qd3 e5 19. Qg6 Qd7 20. dxe5 fxe5
21. Qg5 Qe6 22. Rhe1 Rh6 23. Qg3 Rg6 24. Qh2 Rf8 25. g3 e4 26. Re2 Rgf6 27. Qg2
Qg4 28. Red2 Rf3 29. Rh1 Rh8 0-1

[Event "España ch sub-14 2012"]
[Site "Salobreña ESP"]
[Date "2012.07.10"]
[Round "3.1"]
[White "Ruperez Benito, Antonio"]
[Black "Suarez Gomez, Julio"]
[Result "0-1"]
[WhiteElo "1812"]
[BlackElo "2026"]
[PlyCount "92"]
[EventDate "2012.07.09"]
[EventType "swiss"]
[EventRounds "9"]
[EventCountry "ESP"]
[Source "lmi"]
[SourceDate "2012.07.09"]

1. e4 e6 2. b3 d5 3. Bb2 Nf6 4. e5 Nfd7 5. f4 c5 6. Nf3 Nc6 7. Bb5 Ne7 8. d3 a6
9. Bxd7+ Bxd7 10. O-O Nf5 11. Qe2 h5 12. Nbd2 Be7 13. c4 Bc6 14. Rfd1 b5 15.
Rac1 Qb6 16. Qf2 bxc4 17. dxc4 d4 18. Re1 Qb7 19. h4 g6 20. Ng5 Bxg5 21. hxg5
h4 22. Kh2 Ne3 23. Rxe3 dxe3 24. Qxe3 Rd8 25. Ba3 h3 26. g3 Qd7 27. Nf1 Qd4 28.
Qxd4 Rxd4 29. Re1 Bg2 30. Bxc5 Rd3 31. Bf2 Bxf1 32. Rxf1 Rd2 33. a3 Ra2 34. b4
Rxa3 35. b5 axb5 36. cxb5 Rb3 37. b6 Rb2 38. g4 Kd7 39. Kg3 Rb3+ 40. Kh2 Rf3
41. Rd1+ Kc6 42. Rc1+ Kd5 43. Rd1+ Kc6 44. Rc1+ Kb7 45. Rc7+ Ka6 46. Bg3 Rxg3
0-1

[Event "España ch sub-14 2012"]
[Site "Salobreña ESP"]
[Date "2012.07.10"]
[Round "3.2"]
[White "Ponce Cano, Adrian"]
[Black "Lopez Rivera, Jesus"]
[Result "1/2-1/2"]
[WhiteElo "1995"]
[BlackElo "1800"]
[PlyCount "97"]
[EventDate "2012.07.09"]
[EventType "swiss"]
[EventRounds "9"]
[EventCountry "ESP"]
[Source "lmi"]
[SourceDate "2012.07.09"]

1. e4 c5 2. Nf3 d6 3. Bc4 Nc6 4. Nc3 g6 5. O-O Bg7 6. d3 a6 7. a4 e6 8. Bg5
Nge7 9. Qd2 O-O 10. Rfe1 Qd7 11. Bh6 d5 12. Bb3 Rb8 13. exd5 exd5 14. Bxg7 Kxg7
15. Qf4 b5 16. Ne5 Qd6 17. Bxd5 b4 18. Bxc6 bxc3 19. Bf3 cxb2 20. Rab1 Nf5 21.
Qd2 Bd7 22. Nxd7 Qxd7 23. Bg4 Rb4 24. Bxf5 Qxf5 25. Qc3+ Qf6 26. Qa3 Rfb8 27.
g3 Qc6 28. a5 Qf6 29. Re2 R8b5 30. Re8 h5 31. Re3 h4 32. Re8 h3 33. Re3 Kh7 34.
Qa2 Rb7 35. Qd5 Qd4 36. Qf3 Qg4 37. Qc6 Qd7 38. Qxc5 Ra4 39. Qc3 Qd5 40. f3 Ra1
41. Rxa1 b1=Q+ 42. Rxb1 Rxb1+ 43. Kf2 Rh1 44. Re8 Rxh2+ 45. Kg1 Rh1+ 46. Kf2
Rh2+ 47. Ke1 Rh1+ 48. Kf2 Rh2+ 49. Kg1 1/2-1/2

[Event "España ch sub-14 2012"]
[Site "Salobreña ESP"]
[Date "2012.07.10"]
[Round "3.3"]
[White "Garcia Porlan, Beatriz"]
[Black "Portela Peleteiro, Alberto"]
[Result "0-1"]
[WhiteElo "1787"]
[BlackElo "1927"]
[PlyCount "60"]
[EventDate "2012.07.09"]
[EventType "swiss"]
[EventRounds "9"]
[EventCountry "ESP"]
[Source "lmi"]
[SourceDate "2012.07.09"]

1. e4 c5 2. Nf3 Nc6 3. Bb5 g6 4. Bxc6 dxc6 5. d4 cxd4 6. Nxd4 Bg7 7. c3 e5 8.
Ne2 Qc7 9. Nd2 Bg4 10. Nc4 Rd8 11. Qc2 Be6 12. Ne3 Nf6 13. Ng3 O-O 14. O-O Rd6
15. f4 exf4 16. e5 fxg3 17. exd6 gxh2+ 18. Kh1 Qxd6 19. Bd2 Nh5 20. Be1 Bh6 21.
Rf3 f5 22. Nf1 Bd5 23. Rd1 Qe5 24. Rf2 f4 25. Nxh2 Ng3+ 26. Kg1 f3 27. Ng4 Qh5
28. Nxh6+ Qxh6 29. Rxf3 Qh1+ 30. Kf2 Rxf3+ 0-1

[Event "España ch sub-14 2012"]
[Site "Salobreña ESP"]
[Date "2012.07.10"]
[Round "3.4"]
[White "Medina Masdeu, Rasen"]
[Black "Serra Canals, Oriol"]
[Result "1-0"]
[WhiteElo "1923"]
[BlackElo "1775"]
[PlyCount "57"]
[EventDate "2012.07.09"]
[EventType "swiss"]
[EventRounds "9"]
[EventCountry "ESP"]
[Source "lmi"]
[SourceDate "2012.07.09"]

1. e4 e5 2. Nf3 Nc6 3. d4 exd4 4. Bc4 Nf6 5. e5 d5 6. Bb5 Ne4 7. Nxd4 Bd7 8.
Bxc6 bxc6 9. O-O c5 10. Nb3 Bc6 11. N1d2 Ng5 12. f4 Ne6 13. f5 Ng5 14. e6 Be7
15. h4 Ne4 16. exf7+ Kf8 17. Nxe4 dxe4 18. Qh5 Qd5 19. Be3 Qxf7 20. Qg4 Rd8 21.
Qg3 Bd6 22. Bxc5 Bxc5+ 23. Nxc5 Rd2 24. Ne6+ Kg8 25. Rad1 Rxd1 26. Rxd1 h6 27.
h5 Qe7 28. Rd8+ Be8 29. Rxe8+ 1-0

[Event "España ch sub-14 2012"]
[Site "Salobreña ESP"]
[Date "2012.07.10"]
[Round "3.5"]
[White "Chueca Lorente, Javier"]
[Black "Perez Garcia, Alejandro"]
[Result "0-1"]
[WhiteElo "1734"]
[BlackElo "1902"]
[PlyCount "78"]
[EventDate "2012.07.09"]
[EventType "swiss"]
[EventRounds "9"]
[EventCountry "ESP"]
[Source "lmi"]
[SourceDate "2012.07.09"]

1. e4 c5 2. Nf3 Nc6 3. d4 cxd4 4. Nxd4 g6 5. c4 Bg7 6. Be3 Nf6 7. Nc3 d6 8. Be2
O-O 9. O-O Bd7 10. Qd2 Rc8 11. b3 a5 12. Rab1 Nxd4 13. Bxd4 Bc6 14. f3 Nd7 15.
Be3 Nc5 16. a3 f5 17. b4 f4 18. Bf2 axb4 19. axb4 Bxc3 20. Qxc3 Ne6 21. Rfd1
Nc7 22. c5 Be8 23. Bh4 Nb5 24. Bxb5 Bxb5 25. Qb3+ Rf7 26. Rxd6 Qc7 27. Re6 Kf8
28. Qc3 Kg8 29. Qb3 Kf8 30. Bg5 Qd7 31. Rd1 Qe8 32. Qc3 Kg8 33. Qd2 Ba4 34. Ra1
Rd8 35. Qe1 Qd7 36. Rxe7 Rxe7 37. Bxe7 Qd4+ 38. Qf2 Qxa1+ 39. Qf1 Rd1 0-1

[Event "España ch sub-14 2012"]
[Site "Salobreña ESP"]
[Date "2012.07.10"]
[Round "3.6"]
[White "Salagran Ferragut, Guillem"]
[Black "Villemur Tamarit, Juan"]
[Result "1-0"]
[WhiteElo "1899"]
[BlackElo "1741"]
[PlyCount "151"]
[EventDate "2012.07.09"]
[EventType "swiss"]
[EventRounds "9"]
[EventCountry "ESP"]
[Source "lmi"]
[SourceDate "2012.07.09"]

1. e4 d6 2. d4 Nf6 3. Nc3 Nbd7 4. Nf3 e5 5. Bc4 Be7 6. O-O O-O 7. Re1 c6 8. a4
b6 9. Ba2 Bb7 10. Nh4 Nxe4 11. Nf5 Nxc3 12. Qg4 g6 13. bxc3 Nf6 14. Nxe7+ Qxe7
15. Bg5 Nxg4 16. Bxe7 Rfe8 17. Bxd6 exd4 18. cxd4 Rad8 19. Bb4 Nh6 20. a5 Nf5
21. c3 Ng7 22. Bc4 Ne6 23. axb6 axb6 24. Ra7 Ba8 25. Be7 Rb8 26. Bxe6 fxe6 27.
Bf6 Rb7 28. Rea1 Kf7 29. Be5 Rxa7 30. Rxa7+ Kg8 31. Rg7+ Kf8 32. Rxh7 c5 33.
dxc5 bxc5 34. h4 c4 35. Rg7 Be4 36. Rh7 Bf5 37. Kh2 Kg8 38. Rh8+ Kf7 39. Rh7+
Kg8 40. Rc7 Bd3 41. Kg3 Rd8 42. Kg4 Bf5+ 43. Kg3 Bd3 44. f3 Re8 45. Kg4 Bf1 46.
g3 Be2 47. Rg7+ Kf8 48. Rxg6 Bd3 49. Rg7 Rd8 50. Kg5 Rd5 51. Kf6 Rxe5 52. Kxe5
Kxg7 53. Kxe6 Kg6 54. Ke5 Kh5 55. Kf4 Kh6 56. g4 Kg6 57. Kg3 Bc2 58. f4 Bd3 59.
f5+ Kf6 60. Kf4 Bc2 61. g5+ Kf7 62. h5 Bd1 63. h6 Bc2 64. Ke5 Bd3 65. g6+ Kg8
66. Kf6 Be4 67. Kg5 Bd5 68. f6 Be6 69. f7+ Bxf7 70. gxf7+ Kxf7 71. Kf5 Kg8 72.
Ke5 Kh7 73. Kd4 Kxh6 74. Kxc4 Kg7 75. Kc5 Kf7 76. Kc6 1-0

[Event "España ch sub-14 2012"]
[Site "Salobreña ESP"]
[Date "2012.07.10"]
[Round "3.7"]
[White "Domingo Nunez, Alejandro"]
[Black "Centron Antuna, Daniel"]
[Result "1-0"]
[WhiteElo "1883"]
[BlackElo "1655"]
[PlyCount "51"]
[EventDate "2012.07.09"]
[EventType "swiss"]
[EventRounds "9"]
[EventCountry "ESP"]
[Source "lmi"]
[SourceDate "2012.07.09"]

1. e4 c5 2. Nc3 Nc6 3. Bb5 g6 4. Bxc6 dxc6 5. f4 Bg7 6. Nf3 e6 7. e5 Ne7 8. Ne4
O-O 9. Nxc5 Nf5 10. O-O Nd4 11. c3 Nf5 12. g4 Nh4 13. Nxh4 Qxh4 14. g5 Bxe5 15.
fxe5 Qxg5+ 16. Kh1 Qxe5 17. d4 Qc7 18. Bh6 Rd8 19. Bg5 Rd5 20. Bf6 Rh5 21. Be5
Qe7 22. Ne4 Rh6 23. Nf6+ Kf8 24. Qd2 Rh3 25. Qg2 Rh6 26. Qg3 1-0

[Event "España ch sub-14 2012"]
[Site "Salobreña ESP"]
[Date "2012.07.10"]
[Round "3.8"]
[White "Mari Copa, Adria"]
[Black "Alvarez Nistal, David"]
[Result "1-0"]
[WhiteElo "1658"]
[BlackElo "1861"]
[PlyCount "56"]
[EventDate "2012.07.09"]
[EventType "swiss"]
[EventRounds "9"]
[EventCountry "ESP"]
[Source "lmi"]
[SourceDate "2012.07.09"]

1. e4 c5 2. Nf3 Nc6 3. d4 cxd4 4. Nxd4 g6 5. Nc3 Bg7 6. Be3 Nf6 7. Nb3 d6 8. f3
Bd7 9. Qd2 Rc8 10. O-O-O Na5 11. Nd5 Nxd5 12. Qxd5 Nxb3+ 13. Qxb3 Qa5 14. Qd5
Qb4 15. Qb3 Qa5 16. Qd5 Bxb2+ 17. Kxb2 Qc3+ 18. Kb1 Qxc2+ 19. Ka1 Qc3+ 20. Kb1
Qxe3 21. Qxb7 O-O 22. Qxd7 Rb8+ 23. Bb5 a6 24. a4 Qb3+ 25. Kc1 Rfc8+ 26. Kd2
Rc2+ 27. Ke1 axb5 28. a5 Qb4+ 1-0

[Event "España ch sub-14 2012"]
[Site "Salobreña ESP"]
[Date "2012.07.10"]
[Round "3.9"]
[White "Fernandez Cano, Victor"]
[Black "Cortes Cabeza, Cameron"]
[Result "1-0"]
[WhiteElo "1839"]
[BlackElo "1633"]
[PlyCount "91"]
[EventDate "2012.07.09"]
[EventType "swiss"]
[EventRounds "9"]
[EventCountry "ESP"]
[Source "lmi"]
[SourceDate "2012.07.09"]

1. e4 c5 2. Nf3 Nc6 3. d4 cxd4 4. Nxd4 Nf6 5. Nc3 a6 6. Be3 d6 7. f3 Bd7 8. Qd2
e5 9. Nb3 Be7 10. O-O-O b5 11. g4 Rc8 12. g5 Nh5 13. Nd5 O-O 14. Nxe7+ Qxe7 15.
Qxd6 Qxd6 16. Rxd6 Be6 17. Kb1 Rfd8 18. Rxd8+ Rxd8 19. Be2 Bxb3 20. axb3 Nd4
21. Rd1 Nf4 22. Bxf4 exf4 23. c3 Ne6 24. Rxd8+ Nxd8 25. c4 b4 26. c5 Ne6 27. c6
a5 28. Bc4 Nc7 29. Kc2 Kf8 30. Kd3 Ke7 31. e5 f6 32. gxf6+ gxf6 33. exf6+ Kxf6
34. Kd4 Ke7 35. Kc5 Na8 36. Bd3 h6 37. Kb5 Kd6 38. Kxa5 Nc7 39. Kb6 Na8+ 40.
Kb7 Nc7 41. Be4 Ne6 42. Kb6 Nc7 43. h3 h5 44. h4 Ne6 45. Kb5 Nc5 46. c7 1-0

[Event "España ch sub-14 2012"]
[Site "Salobreña ESP"]
[Date "2012.07.10"]
[Round "3.10"]
[White "Zhynguel Ramirez De Verger, Ale"]
[Black "Laiz Ibanez, Hector"]
[Result "1/2-1/2"]
[WhiteElo "1650"]
[BlackElo "1838"]
[PlyCount "75"]
[EventDate "2012.07.09"]
[EventType "swiss"]
[EventRounds "9"]
[EventCountry "ESP"]
[Source "lmi"]
[SourceDate "2012.07.09"]

1. d4 c5 2. c3 Nf6 3. Nf3 Qc7 4. Bg5 e6 5. e3 b6 6. Nbd2 Bb7 7. Bd3 Be7 8. Qe2
Nc6 9. h3 cxd4 10. exd4 Nd5 11. Be4 Bxg5 12. Nxg5 Nf4 13. Qf1 f5 14. Bxc6 Bxc6
15. Ngf3 Qb7 16. Rg1 O-O 17. g3 Nxh3 18. Qxh3 Bxf3 19. Nxf3 Qxf3 20. Qg2 Qd3
21. Qf1 Qc2 22. Qe2 Qa4 23. Qd1 Qa5 24. Qb3 f4 25. g4 Qg5 26. f3 Qh4+ 27. Ke2
Qh2+ 28. Kd3 Rf6 29. Qc2 Rh6 30. Rg2 Qh4 31. Qe2 Qe7 32. Qe4 Rf8 33. Qb7 Rh3
34. Rf2 Re8 35. Re1 Qd6 36. Re5 a5 37. Qe4 Rf8 38. Rb5 1/2-1/2

[Event "España ch sub-14 2012"]
[Site "Salobreña ESP"]
[Date "2012.07.10"]
[Round "3.11"]
[White "Palenciano Escolar, Adrian"]
[Black "Guerra Arrocha, Daniel"]
[Result "0-1"]
[WhiteElo "1595"]
[BlackElo "1825"]
[PlyCount "56"]
[EventDate "2012.07.09"]
[EventType "swiss"]
[EventRounds "9"]
[EventCountry "ESP"]
[Source "lmi"]
[SourceDate "2012.07.09"]

1. e4 e6 2. d4 d5 3. Nd2 c5 4. exd5 exd5 5. Ngf3 Nc6 6. dxc5 Bxc5 7. Nb3 Bb6 8.
Bg5 Nf6 9. Qe2+ Be6 10. O-O-O O-O 11. g3 h6 12. Bf4 Re8 13. Be3 Bxe3+ 14. fxe3
Bf5 15. Qf2 Ng4 16. Qg1 Nxe3 17. Rd2 Nb4 18. Nbd4 Bxc2 19. Nxc2 Rc8 20. Nfd4
Nexc2 21. Rxc2 Nxc2 22. Nxc2 Qg5+ 23. Kd1 Qg4+ 24. Kd2 d4 25. Bd3 Qg5+ 26. Kd1
Qd5 27. Nb4 Qh5+ 28. Kd2 Qg5+ 0-1

[Event "España ch sub-14 2012"]
[Site "Salobreña ESP"]
[Date "2012.07.10"]
[Round "3.13"]
[White "Santos Ruiz, Miguel"]
[Black "Picazo Gonzalez, Ana"]
[Result "1-0"]
[WhiteElo "2106"]
[BlackElo "1712"]
[PlyCount "71"]
[EventDate "2012.07.09"]
[EventType "swiss"]
[EventRounds "9"]
[EventCountry "ESP"]
[Source "lmi"]
[SourceDate "2012.07.09"]

1. e4 e6 2. d4 d5 3. Nd2 c5 4. c3 cxd4 5. cxd4 dxe4 6. Nxe4 Bb4+ 7. Nc3 Nf6 8.
Nf3 Bxc3+ 9. bxc3 Qc7 10. Qc2 O-O 11. Bd3 b6 12. O-O Nbd7 13. Re1 h6 14. Ne5
Nxe5 15. Rxe5 Bb7 16. f3 Rac8 17. Bb2 Nd5 18. Qf2 Qd7 19. Rc1 f5 20. Qd2 Rf6
21. c4 Ne7 22. Bf1 Rg6 23. Kh1 h5 24. Rce1 Nc6 25. R5e3 Na5 26. Qb4 Nc6 27. Qc3
h4 28. d5 exd5 29. cxd5 Na5 30. Qb4 Qxd5 31. Re8+ Rxe8 32. Rxe8+ Kh7 33. Qxh4+
Rh6 34. Rh8+ Kg6 35. Qg3+ Kh5 36. f4 1-0

[Event "España ch sub-14 2012"]
[Site "Salobreña ESP"]
[Date "2012.07.10"]
[Round "3.14"]
[White "Bas Mas, Miguel"]
[Black "Orantes Taboada, Francisco"]
[Result "1-0"]
[WhiteElo "1927"]
[BlackElo "1688"]
[PlyCount "45"]
[EventDate "2012.07.09"]
[EventType "swiss"]
[EventRounds "9"]
[EventCountry "ESP"]
[Source "lmi"]
[SourceDate "2012.07.09"]

1. e4 c5 2. Nf3 Nc6 3. d4 cxd4 4. Nxd4 e5 5. Nb5 d6 6. N1c3 a6 7. Na3 b5 8. Nd5
Be7 9. c4 bxc4 10. Nxc4 Be6 11. Qa4 Bd7 12. Ncb6 Rb8 13. Nxd7 Qxd7 14. Bxa6 Nf6
15. Bb5 Rxb5 16. Qxb5 Nxe4 17. Be3 f5 18. Nb6 Qb7 19. Rc1 Nc5 20. b4 f4 21.
bxc5 fxe3 22. cxd6 exf2+ 23. Kf1 1-0

[Event "España ch sub-14 2012"]
[Site "Salobreña ESP"]
[Date "2012.07.10"]
[Round "3.15"]
[White "Calvo Simon, Jorge"]
[Black "Ventura Bolet, Alexandre"]
[Result "0-1"]
[WhiteElo "1755"]
[BlackElo "1925"]
[PlyCount "52"]
[EventDate "2012.07.09"]
[EventType "swiss"]
[EventRounds "9"]
[EventCountry "ESP"]
[Source "lmi"]
[SourceDate "2012.07.09"]

1. c4 e5 2. g3 Nc6 3. Bg2 f5 4. Nc3 Nf6 5. d3 Bb4 6. Bd2 Bxc3 7. Bxc3 d6 8. Nf3
O-O 9. O-O Qe8 10. Bd2 Qh5 11. e3 e4 12. Nd4 Ng4 13. h3 f4 14. Nxc6 bxc6 15.
exf4 exd3 16. hxg4 Bxg4 17. Qa4 Be2 18. Rfe1 Rad8 19. Qxc6 d5 20. cxd5 Rd6 21.
Qc5 Rh6 22. f3 Qh2+ 23. Kf2 Rh3 24. Rh1 Qxg3+ 25. Kg1 Bxf3 26. Qf2 Rxh1+ 0-1

[Event "España ch sub-14 2012"]
[Site "Salobreña ESP"]
[Date "2012.07.10"]
[Round "3.16"]
[White "Balbuena Fuentes, Mario"]
[Black "Dominguez Fernandez, Angel"]
[Result "1/2-1/2"]
[WhiteElo "1899"]
[BlackElo "1673"]
[PlyCount "103"]
[EventDate "2012.07.09"]
[EventType "swiss"]
[EventRounds "9"]
[EventCountry "ESP"]
[Source "lmi"]
[SourceDate "2012.07.09"]

1. e4 e5 2. Nf3 Nc6 3. Bc4 Bc5 4. c3 Nf6 5. d4 exd4 6. cxd4 Bb4+ 7. Nc3 Nxe4 8.
O-O Bxc3 9. d5 Ne5 10. bxc3 Nxc4 11. Qd4 O-O 12. Qxe4 Nd6 13. Qg4 Qf6 14. Bg5
Qg6 15. Nh4 Qe4 16. Qg3 Nf5 17. Nxf5 Qxf5 18. Be7 Re8 19. Rfe1 f6 20. Qxc7 Qxd5
21. Bxf6 Qf7 22. Bd4 b6 23. Rxe8+ Qxe8 24. Qg3 Qf7 25. Re1 Ba6 26. Qg5 h6 27.
Qg4 Bd3 28. Re3 Bf5 29. Qg3 Rf8 30. Rf3 Qe7 31. h3 Be6 32. Re3 Qf7 33. Be5 Bd5
34. Bd6 Re8 35. Rxe8+ Qxe8 36. Be5 Qf8 37. Bb8 Bxa2 38. Bxa7 b5 39. Qc7 Qe8 40.
Bd4 Bc4 41. Qe5 Qxe5 42. Bxe5 h5 43. f4 g6 44. Kf2 Kf7 45. Kg3 Bf1 46. Kf3 Ke6
47. Kf2 Bd3 48. g4 hxg4 49. hxg4 Bc4 50. Ke3 Bd5 51. Kd4 Bf3 52. g5 1/2-1/2

[Event "España ch sub-14 2012"]
[Site "Salobreña ESP"]
[Date "2012.07.10"]
[Round "3.17"]
[White "Alfaya Marcelo, Roberto"]
[Black "Fernandez Gil, Ruben Carlos"]
[Result "0-1"]
[WhiteElo "1743"]
[BlackElo "1899"]
[PlyCount "102"]
[EventDate "2012.07.09"]
[EventType "swiss"]
[EventRounds "9"]
[EventCountry "ESP"]
[Source "lmi"]
[SourceDate "2012.07.09"]

1. e4 c5 2. Nf3 Nc6 3. d4 cxd4 4. Nxd4 g6 5. Nc3 Bg7 6. Be3 Nf6 7. Bc4 O-O 8.
Bb3 d6 9. O-O Bd7 10. f3 Rc8 11. Qd2 Qa5 12. Rad1 Qa6 13. Kh1 Ne5 14. Bh6 Nc4
15. Bxc4 Rxc4 16. Bxg7 Kxg7 17. Nd5 Nxd5 18. exd5 Qxa2 19. b3 Rc5 20. Ra1 Qb2
21. Rfb1 Qc3 22. Qxc3 Rxc3 23. Rxa7 Rb8 24. Re1 Kf6 25. g4 g5 26. Kg2 e5 27.
dxe6 fxe6 28. Rc1 e5 29. Ne2 Rc5 30. c4 d5 31. cxd5 Rxd5 32. Kf2 Bc6 33. Ra2
Rbd8 34. Rc3 Rd3 35. Rac2 R3d6 36. Ke3 Kg6 37. Ng3 Rf6 38. Rf2 Rdf8 39. Nf5 Bd7
40. Ne7+ Kh6 41. Ke4 Bxg4 42. Kxe5 Re6+ 43. Kd5 Rxe7 44. Kd6 Ref7 45. Rg2 Bxf3
46. Rg3 Bc6 47. Rce3 Rd7+ 48. Kc5 Rd5+ 49. Kb6 Rf6 50. Rh3+ Kg6 51. Kc7 Rd7+
0-1

[Event "España ch sub-14 2012"]
[Site "Salobreña ESP"]
[Date "2012.07.10"]
[Round "3.18"]
[White "Aguila Hernandez, Eduardo"]
[Black "Cribilles Perez, Carlos"]
[Result "1-0"]
[WhiteElo "1893"]
[BlackElo "1622"]
[PlyCount "75"]
[EventDate "2012.07.09"]
[EventType "swiss"]
[EventRounds "9"]
[EventCountry "ESP"]
[Source "lmi"]
[SourceDate "2012.07.09"]

1. e4 c5 2. Nf3 Nc6 3. d4 cxd4 4. Nxd4 g6 5. Nc3 Bg7 6. Be3 Nf6 7. Bc4 O-O 8.
Bb3 d6 9. f3 Bd7 10. Qd2 a6 11. h4 h5 12. O-O-O b5 13. Rdg1 b4 14. Nd5 a5 15.
Nxc6 Bxc6 16. Nxf6+ Bxf6 17. Bd4 Bxd4 18. Qxd4 e5 19. Qd2 Qf6 20. Rd1 Rfd8 21.
Qe2 Kg7 22. Bd5 Rac8 23. g4 Rh8 24. Kb1 Qe7 25. Qf2 Qc7 26. Rh2 Bd7 27. gxh5
Rxh5 28. f4 f6 29. Rg1 f5 30. Qg3 Be8 31. Be6 exf4 32. Qxf4 fxe4 33. Bxc8 Qxc8
34. Qxe4 Qc5 35. Qe7+ Bf7 36. Rhg2 Rh6 37. Rf1 Qd5 38. Rgf2 1-0

[Event "España ch sub-14 2012"]
[Site "Salobreña ESP"]
[Date "2012.07.10"]
[Round "3.19"]
[White "Plazuelo Pascual, Juan"]
[Black "Domingo Nunez, Ruben"]
[Result "1-0"]
[WhiteElo "1703"]
[BlackElo "1887"]
[PlyCount "67"]
[EventDate "2012.07.09"]
[EventType "swiss"]
[EventRounds "9"]
[EventCountry "ESP"]
[Source "lmi"]
[SourceDate "2012.07.09"]

1. e4 c5 2. Nf3 d6 3. d4 cxd4 4. Nxd4 Nf6 5. Nc3 g6 6. Be3 Bg7 7. f3 O-O 8. Qd2
Nc6 9. Bc4 Nd7 10. O-O-O Nb6 11. Be2 Nxd4 12. Bxd4 Be6 13. Bxg7 Kxg7 14. h4 h6
15. f4 f6 16. g4 Bf7 17. g5 hxg5 18. hxg5 e5 19. gxf6+ Qxf6 20. fxe5 Qxe5 21.
Qh6+ Kf6 22. Rh5 Qg3 23. e5+ Ke6 24. Ne4 Qg2 25. Bf3 Qxf3 26. Ng5+ Kd7 27. Nxf3
gxh5 28. Qxd6+ Ke8 29. e6 Bg6 30. Ne5 Rf6 31. Nxg6 Rxg6 32. Qe5 Rh6 33. Qf5 Rh7
34. Qxh7 1-0

[Event "España ch sub-14 2012"]
[Site "Salobreña ESP"]
[Date "2012.07.10"]
[Round "3.20"]
[White "Castellet Menchon, Cora"]
[Black "Santamaria Fernandez, Guillermo"]
[Result "1-0"]
[WhiteElo "1823"]
[BlackElo "1595"]
[PlyCount "111"]
[EventDate "2012.07.09"]
[EventType "swiss"]
[EventRounds "9"]
[EventCountry "ESP"]
[Source "lmi"]
[SourceDate "2012.07.09"]

1. d4 c5 2. d5 Nf6 3. c4 b5 4. cxb5 a6 5. bxa6 Bxa6 6. Nc3 d6 7. Nf3 g6 8. g3
Bg7 9. Bg2 O-O 10. O-O Nbd7 11. Rb1 Qc7 12. b3 Rfb8 13. Re1 Ng4 14. Bd2 Nde5
15. Nxe5 Nxe5 16. f4 Nd7 17. Qc2 Ra7 18. e4 f6 19. a4 Rab7 20. Bf1 Bxf1 21.
Kxf1 Ra8 22. Nb5 Qc8 23. Kg2 Nb8 24. Bc3 Nd7 25. Qe2 Qb8 26. Qg4 Nf8 27. Re2
Rxb5 28. axb5 Qxb5 29. Reb2 Ra3 30. Qe2 Qxe2+ 31. Rxe2 c4 32. Reb2 Rxb3 33.
Rxb3 cxb3 34. Rxb3 Kf7 35. Ba5 Nd7 36. Kf3 f5 37. Rb5 fxe4+ 38. Kxe4 Nf6+ 39.
Kd3 Nd7 40. Kc4 Nf6 41. Rb3 h5 42. h3 Ne4 43. Kb5 Nc5 44. Rf3 e6 45. Kc6 exd5
46. Kxd5 Bf8 47. Bc7 Nd7 48. Bxd6 Bg7 49. Rb3 Nf6+ 50. Kc6 Kg8 51. Rb8+ Kh7 52.
Rb7 Kh6 53. Be5 Ne8 54. Re7 Nf6 55. Rf7 Ne8 56. Kd5 1-0

[Event "España ch sub-14 2012"]
[Site "Salobreña ESP"]
[Date "2012.07.10"]
[Round "3.21"]
[White "Goni Navarro, Pablo"]
[Black "Alonso Gonzalez, Miguel"]
[Result "1-0"]
[WhiteElo "1666"]
[BlackElo "1813"]
[PlyCount "95"]
[EventDate "2012.07.09"]
[EventType "swiss"]
[EventRounds "9"]
[EventCountry "ESP"]
[Source "lmi"]
[SourceDate "2012.07.09"]

1. e4 e5 2. Bc4 Nf6 3. d3 d6 4. Nc3 Be7 5. f4 Nc6 6. Nf3 h6 7. a3 Bg4 8. h3
Bxf3 9. Qxf3 Nd4 10. Qd1 g6 11. g4 Nd7 12. Be3 Bh4+ 13. Kd2 Ne6 14. Bxe6 fxe6
15. f5 exf5 16. gxf5 Bg5 17. Qg4 Rg8 18. Bxg5 Qxg5+ 19. Qxg5 hxg5 20. Nd5 Kd8
21. Raf1 c6 22. Ne3 Ke7 23. Rhg1 gxf5 24. Rxf5 Raf8 25. Rfxg5 Rxg5 26. Rxg5
Rf2+ 27. Kc3 Rf3 28. Nf5+ Kf6 29. Rg3 Rxg3 30. Nxg3 Nf8 31. h4 Ng6 32. Nf5 Ke6
33. h5 Nf4 34. h6 Ng6 35. h7 d5 36. Kb4 b6 37. b3 a6 38. c4 c5+ 39. Ka4 dxe4
40. dxe4 Kd7 41. b4 cxb4 42. Kxb4 Nh8 43. c5 Kc6 44. Ne7+ Kb7 45. cxb6 Kxb6 46.
Kc4 Kc7 47. Kd5 Kd7 48. Nc6 1-0

[Event "España ch sub-14 2012"]
[Site "Salobreña ESP"]
[Date "2012.07.10"]
[Round "3.23"]
[White "Aliane Diez, Aaron"]
[Black "Gonzalez Capacete, Jose Miguel"]
[Result "0-1"]
[WhiteElo "1611"]
[BlackElo "1781"]
[PlyCount "85"]
[EventDate "2012.07.09"]
[EventType "swiss"]
[EventRounds "9"]
[EventCountry "ESP"]
[Source "lmi"]
[SourceDate "2012.07.09"]

1. d4 Nf6 2. c4 g6 3. Nc3 Bg7 4. e4 d6 5. f3 O-O 6. Be3 Nbd7 7. Bd3 e5 8. d5
Ne8 9. Nge2 f5 10. exf5 gxf5 11. Qc2 Nc5 12. O-O-O Nxd3+ 13. Qxd3 Nf6 14. Rdf1
Bd7 15. g3 a6 16. b4 b5 17. Kd2 bxc4 18. Qxc4 Re8 19. h3 Kh8 20. Rd1 c6 21. Ke1
Rc8 22. Qxa6 cxd5 23. Bb6 Qe7 24. Nxd5 Nxd5 25. Rxd5 Bc6 26. Rd1 Bxf3 27. Rf1
e4 28. Be3 Red8 29. h4 Bf6 30. Kf2 Bxh4 31. Bd4+ Bf6 32. Bxf6+ Qxf6 33. Rc1 Ra8
34. Qc4 d5 35. Qb3 Qb6+ 36. Rc5 d4 37. Qb2 Qf6 38. Rd1 Bxe2 39. Qxe2 d3 40. Qd2
Qd4+ 41. Kg2 e3 42. Qe1 Rxa2+ 43. Kh3 0-1